| 000 | 00616nam a2200217 a 4500 | ||
|---|---|---|---|
| 001 | BRCA_6908 | ||
| 005 | 20190320205634.0 | ||
| 008 | 161111s1914----u--a######---#000-0#eng-# | ||
| 041 | _aeng | ||
| 044 | _au | ||
| 050 | 4 |
_aRG525 _b.W44 1914 |
|
| 245 | 1 | 0 |
_aBefore the baby comes _ba practical, non-technical manual for prospective mothers _cby Mariana Wheeler. |
| 260 |
_aNueva York _bHarper & Brothers _c1914 |
||
| 300 |
_a170 p. _bil. _c18 cm. |
||
| 500 | _aO101 | ||
| 650 | 1 | 4 |
_aEmbarazo _917206 |
| 650 | 1 | 4 |
_aObstetricia _917207 |
| 650 | 1 | 4 |
_aInfantes _xCuidado e higiene _917208 |
| 902 | _aGFM | ||
| 942 |
_2lcc _cB |
||
| 999 |
_c6590 _d6590 |
||